| 000 | 00762aga a2200241 4500 | ||
|---|---|---|---|
| 005 | 20191224042157.0 | ||
| 008 | 170214b xxu||||| |||| 00| 0 spa d | ||
| 040 |
_aCO-BoIAVH _cCO-BoIAVH |
||
| 041 | _aspa | ||
| 090 |
_aAV _b00061 |
||
| 110 | 1 |
_aProyecto Prolagunas _979602 |
|
| 245 | 1 | 0 |
_aProyecto prolagunas: _sprotección y recuperación de los humedales costeros del Caribe colombiano |
| 257 | _aColombia | ||
| 300 |
_a35 min. _bVHS |
||
| 650 | 1 | 4 |
_aProyectos ambientales _979603 |
| 650 | 1 | 4 |
_aHumedales costeros _979604 |
| 650 | 1 | 4 |
_aManejo de microcuencas _979605 |
| 650 | 1 | 4 |
_aConservación de ecosistemas _9100819 |
| 650 | 1 | 4 |
_aAreas costeras _920658 |
| 650 | 1 | 4 |
_aDegradación ambiental _994762 |
| 650 | 1 | 4 |
_aComunidad Wayuu _93193 |
| 942 |
_cVHS _2z |
||
| 999 |
_c16492 _d16492 |
||